000 00646nam a2200277Ia 4500
005 20260324114314.0
008 008 260324s9999 xx 000 0 eng d
020 _a9781003324454
037 _aEBOOK
040 _aCRL
040 _beng
040 _cCRL
041 _2eng
041 _aeng
084 _qCRL
100 _aNorman L. Johnson
_91150251
245 0 _aGeometry of Derivation with Applications
260 _bTaylor and Francis
260 _c2023
365 _a
365 _b210
856 _uhttp://www.taylorfrancis.com/books/9781003324454
942 _cEBOOK
999 _c1740353
_d1740353